| 000 -CABECERA |
| Longitud fija campo de control |
00697nam a2200205 a 4500 |
| 001 - NÚMERO DE CONTROL |
| Número de control |
3693 |
| 003 - IDENTIFICADOR DEL NÚMERO DE CONTROL |
| Identificador del número de control |
CDMR |
| 005 - FECHA Y HORA DE LA ÚLTIMA TRANSACCIÓN |
| Fecha y hora de la última transacción |
20131025105147.0 |
| 008 - CÓDIGOS DE INFORMACIÓN DE LONGITUD FIJA |
| Códigos de información de longitud fija |
130130s1998||||||||||||||||||||||||||||d |
| 020 ## - NÚMERO INTERNACIONAL NORMALIZADO PARA LIBROS |
| Número Internacional Normalizado para Libros (ISBN) |
8420644110 |
| 040 ## - FUENTE DE LA CATALOGACIÓN |
| Centro catalogador de origen |
CDMR |
| Lengua de catalogación |
cat |
| Centro transcriptor |
CDMR |
| 100 1# - PUNTO DE ACCESO PRINCIPAL-NOMBRE DE PERSONA |
| Nombre de persona |
Graham, Katharine |
| 9 (RLIN) |
2631 |
| 245 14 - MENCIÓN DE TÍTULO |
| Título |
Una historia personal |
| Resto del título |
: mujer, periodista, empresaria, editora de The Washington Post |
| Mención de responsabilidad, etc. |
Katharine Graham ; versión española de José Manuel Calvo Roy y María Luisa Rodríguez Tapia |
| 260 ## - PUBLICACIÓN, DISTRIBUCIÓN, ETC. (PIE DE IMPRENTA) |
| Lugar de publicación, distribución, etc. |
Madrid |
| Fecha de publicación, distribución, etc. |
1998 |
| Nombre del editor, distribuidor, etc. |
Alianza |
| 490 0# - MENCIÓN DE SERIE |
| Mención de serie |
Alianza actualidad |
| 610 04 - PUNTO DE ACCESO ADICIONAL DE MATERIA - NOMBRE DE ENTIDAD CORPORATIVA |
| 9 (RLIN) |
4137 |
| Nombre de entidad corporativa o nombre de jurisdicción como elemento inicial |
Washington Post (Diari) |
| 650 04 - PUNTO DE ACCESO ADICIONAL DE MATERIA - TÉRMINO DE MATERIA |
| 9 (RLIN) |
2913 |
| Término de materia o nombre geográfico como elemento inicial |
Dones periodistes |
| 650 04 - PUNTO DE ACCESO ADICIONAL DE MATERIA - TÉRMINO DE MATERIA |
| 9 (RLIN) |
3074 |
| Término de materia o nombre geográfico como elemento inicial |
Periodistes |
| Subdivisión de forma |
Biografia |
| 942 ## - ENTRADA DE ELEMENTOS AGREGADOS (KOHA) |
| Koha [por defecto] tipo de item |
Monografies |
| Fuente de clasificaión o esquema |
|